| 000 | 00496pab a2200169 454500 | ||
|---|---|---|---|
| 008 | 180718b2009 xxu||||| |||| 00| 0 eng d | ||
| 100 | _aBardhan, Pranab et al. | ||
| 245 | _aLocal democracy and clientelism: implications for political stability in rural West Bengal | ||
| 260 | _c2009 | ||
| 300 | _ap.46-69. | ||
| 362 | _a28 Feb | ||
| 650 | _aLocal government - India - West Bengal | ||
| 650 | _aLocal government | ||
| 773 | _aEconomic and Political Weekly | ||
| 908 | _aN | ||
| 909 | _a81623 | ||
| 999 |
_c81623 _d81623 |
||